| 000 | 00982nam a22002537a 4500 | ||
|---|---|---|---|
| 999 |
_c18564 _d18564 |
||
| 003 | AR-CdUCM | ||
| 008 | 190514b ||||| |||| 00| 0 spa d | ||
| 040 |
_aMUNICIPALIDAD PROVINCIAL DEL CUSCO _cBIBLIOTECA MUNICIPAL DEL CUSCO |
||
| 041 | _heng | ||
| 082 |
_23ed. _a828.83 / _bST79 |
||
| 100 |
_aStevenson, R. L. _911906 |
||
| 245 |
_aEl extraño caso del Dr. Jekyll y Mr. Hyde : _bOlalla / |
||
| 260 |
_aMadrid : _bEspasa-Calpe, _c1965. |
||
| 300 |
_a152 páginas ; _c18.5 cm. |
||
| 440 |
_aColección Austral. _9172 |
||
| 505 | _aContenido: La aventura de la puerta -- En busca de míster Hyde -- El doctor Jekyll estaba tranquilo -- El asesinato de Carew -- La carta de míster Hyde -- Lo que le ocurrió al doctor Lanyon ... | ||
| 650 |
_aNovelas inglesas _91158 |
||
| 650 |
_aLiteratura Inglesa _926086 |
||
| 650 |
_aSiglo XX _98 |
||
| 700 |
_aTorroba, José _939219 |
||
| 700 |
_aReyes, Alfonso (traducción) _936888 |
||
| 942 |
_2ddc _cLIBROS |
||
| 945 |
_apjha _d2019-05-17 |
||